Municipal Finance in Selected European Transition Economies (Record no. 6140)

MARC details
000 -LEADER
fixed length control field 00590nam a22002057i 4500
001 - CONTROL NUMBER
control field 6577
003 - CONTROL NUMBER IDENTIFIER
control field OSt
005 - DATE AND TIME OF LATEST TRANSACTION
control field 20181105085356.0
007 - PHYSICAL DESCRIPTION FIXED FIELD--GENERAL INFORMATION
fixed length control field tu
008 - FIXED-LENGTH DATA ELEMENTS--GENERAL INFORMATION
fixed length control field 161220s2002 xxu||||| |||| 00| 0 eng d
020 ## - INTERNATIONAL STANDARD BOOK NUMBER
International Standard Book Number 8932260648
024 7# - OTHER STANDARD IDENTIFIER
Standard number or code 6577
Source of number or code RID
024 7# - OTHER STANDARD IDENTIFIER
Standard number or code 6577
Source of number or code RSN (alt)
040 ## - CATALOGING SOURCE
Transcribing agency OSt
100 1# - MAIN ENTRY--PERSONAL NAME
Personal name Nam, Chang Woon
245 00 - TITLE STATEMENT
Title Municipal Finance in Selected European Transition Economies
Remainder of title Institutional Framework and Recent Development
260 ## - PUBLICATION, DISTRIBUTION, ETC.
Place of publication, distribution, etc. Seoul :
Name of publisher, distributor, etc. Korea Institute for International Economic Policy (KIEP),
Date of publication, distribution, etc. 2002.
490 ## - SERIES STATEMENT
Series statement Regional Study Series
942 ## - ADDED ENTRY ELEMENTS (KOHA)
Koha item type Paper
Holdings
Withdrawn status Lost status Damaged status Not for loan Home library Current library Shelving location Date acquired Serial Enumeration / chronology Inventory number Total Checkouts Barcode Date last seen Price effective from Koha item type
        WIIW WIIW Library 08/30/2004 2004/2 6577   10002079 01/26/2017 01/26/2017 Paper
The Vienna Instiute for International Economic Studies (wiiw)